000 00503nam a2200193 a 4500
001 1770813380238
003 YourLibrary
005 20260211180753.0
008 260211s2005##################000#0#eng##
020 _a9780415289627
082 0 4 _a306.70902
_bRUT
100 1 _aKarras, Ruth Mazo,
_eauthor.
245 1 0 _aSexuality in Medieval Europe :
260 _bPsychology Press,
_c2005.
300 _a216 pages
650 0 _aHistory.
942 _cENGLISH
040 _aYourLibrary
_beng
_cYourLibrary
999 _c611900
_d611900